Marketing Estratégico (Registro nro. 2775)

Detalles MARC
000 -LEADER
fixed length control field 01300 a2200217 4500
001 - CONTROL NUMBER
control field 37603
005 - DATE AND TIME OF LATEST TRANSACTION
control field 20260407155643.0
008 - FIXED-LENGTH DATA ELEMENTS--GENERAL INFORMATION
fixed length control field 260407a1996 arg spa d
003 - CONTROL NUMBER IDENTIFIER
control field AR-UNSa-BCEJYS
040 ## - CATALOGING SOURCE
Original cataloging agency AR-UNSa-BCEJYS
Language of cataloging spa
Transcribing agency AR-UNSa-BCEJYS
080 ## - UNIVERSAL DECIMAL CLASSIFICATION NUMBER
Universal Decimal Classification number 658.82
Common auxiliary subdivision Promoción de ventas<br/>
020 ## - INTERNATIONAL STANDARD BOOK NUMBER
International Standard Book Number 84-481-1611-9
100 1# - MAIN ENTRY--PERSONAL NAME
Personal name Lambin, Jean- Jacques
245 10 - TITLE STATEMENT
Title Marketing Estratégico
250 ## - EDITION STATEMENT
Edition statement 3a. ed
264 #1 - PRODUCTION, PUBLICATION, DISTRIBUTION, MANUFACTURE, AND COPYRIGHT NOTICE
Place of production, publication, distribution, manufacture Madrid :
Name of producer, publisher, distributor, manufacturer McGraw-Hill
Date of production, publication, distribution, manufacture, or copyright notice 1996
300 ## - PHYSICAL DESCRIPTION
Extent 610 p.
Dimensions 23 cm.
505 ## - FORMATTED CONTENTS NOTE
Formatted contents note 1. El marketing en la empresa y en la economía - 2. El marketing en periodo de crisis y de turbulencia - 3. El marketing y la satisfacción de las necesidades - 4. El comportamiento de elección del comprador - 5. Los comportamientos de respuesta del comprador - 6. El análisis de las necesiades a través de la segmentación - 7. El análisis del atractivo del mercado de referencia - 8. El análisis de la competitividad de la empresa - 9. La elección de una estrategia de marketing - 10. El desarrollo por el lanzamiento de nuevos productos - 11. Las decisiones estrategicas de distribución - 12. Las decisiones estrategicas de precio - 13. Las decisiones estrategicas de comunicación - 14. El plan estrategico de marketing.
590 ## - LOCAL NOTE (RLIN)
Local note niveau_biblio:m niveau_hierar:0
942 ## - ADDED ENTRY ELEMENTS (KOHA)
Koha item type
Existencias
Withdrawn status Lost status Damaged status Not for loan Home library Current library Shelving location Date acquired Total checkouts Full call number Barcode Date last seen Price effective from Koha item type
        Biblioteca Prof. Eusebio Cleto del Rey Biblioteca Prof. Eusebio Cleto del Rey   07/04/2026   658.82 L224 3ed. L69698 07/04/2026 07/04/2026 Libro